Ley orgánica del Consejo Nacional de Producción y Precios. Dictamen

Na minha lista:
Detalhes bibliográficos
Autor Corporativo: Costa Rica. Asamblea Legislativa
Formato: Texto
Publicado em: s.n.t. :
Tags: Adicionar Tag
Sem tags, seja o primeiro a adicionar uma tag!

MARC

LEADER 00000 a a2200000 04500
001 15724
003
040
090 |a 014200  
110 |a Costa Rica. Asamblea Legislativa  
245 |a Ley orgánica del Consejo Nacional de Producción y Precios. Dictamen  
260 |a s.n.t. :  
300 |a 25 p.  
500 |a Proyecto de ley  
999 |c 11982  |d 11982